| 000 | 00366nam a22001577a 4500 | ||
|---|---|---|---|
| 005 | 20160916095130.0 | ||
| 008 | 160916b xxu||||| |||| 00| 0 eng d | ||
| 020 | _a978-81-265-3312-1 | ||
| 041 | _aeng | ||
| 100 |
_aNiku,Saeed B _93551 |
||
| 245 | _aIntroduction To Robotics | ||
| 260 |
_bWiley _c2012 |
||
| 300 | _a458 | ||
| 650 |
_aEngineering _93552 |
||
| 942 | _cBK | ||
| 999 |
_c5241 _d5239 |
||